Shaping India of our dreams (Record no. 198505)

MARC details
000 -LEADER
fixed length control field 00569nam a22001937a 4500
005 - DATE AND TIME OF LATEST TRANSACTION
control field 20230921121218.0
010 ## - LCCN (DPL NO)
LC control number ENG-138229
020 ## - INTERNATIONAL STANDARD BOOK NUMBER
Terms of availability 390.00
035 ## - SYSTEM CONTROL NUMBER
System control number EN-121761
037 ## - SOURCE OF ACQUISITION
Source of stock number/acquisition DBAD/PUB
082 ## - DEWEY DECIMAL CLASSIFICATION NUMBER
Classification number 338.954
100 ## - MAIN ENTRY--PERSONAL NAME
Personal name Agrawal. K.C.
245 ## - TITLE STATEMENT
Title Shaping India of our dreams
Statement of responsibility, etc K.C.Agrawal
260 ## - PUBLICATION, DISTRIBUTION, ETC. (IMPRINT)
Place of publication, distribution, etc Uttar Pradesh
Name of publisher, distributor, etc Knowledge Books Inc.
Date of publication, distribution, etc 2003
270 ## - ADDRESS
Address P.O.Box-536, Sector-37 Post Office
City NOIDA
Postal code 201303
300 ## - PHYSICAL DESCRIPTION
Extent 397
Dimensions 22cm(hbk)
700 ## - ADDED ENTRY--PERSONAL NAME
Personal name Volga Kalpana Kannabiran
9 (RLIN) 56902
942 ## - ADDED ENTRY ELEMENTS (KOHA)
Source of classification or shelving scheme Dewey Decimal Classification
Item type English Books
Classification part 338.954
Call number suffix AGR
Holdings
Withdrawn status Lost status Not for loan Collection code Home library Current library Date acquired Source of acquisition Cost, normal purchase price Full call number Barcode Copy number Cost, replacement price Koha item type
      Non-fiction Kasturba Gandhi Marg Kasturba Gandhi Marg 21/09/2023 Dbad/Pub 390.00 338.954 AGR EN-121761 1 390.00 English Books

© Delhi Public Library
Hit Counter
free hit counter